The end of Whitehall: death of a paradigm? (Record no. 390305)

000 -LEADER
fixed length control field 00502cam a22001577a 4500
008 - FIXED-LENGTH DATA ELEMENTS--GENERAL INFORMATION
fixed length control field 180718b1995 xxu||||| |||| 00| 0 eng d
020 ## - INTERNATIONAL STANDARD BOOK NUMBER
International Standard Book Number 1557861404
082 ## - DEWEY DECIMAL CLASSIFICATION NUMBER
Classification number B3x42 C152
100 ## - MAIN ENTRY--PERSONAL NAME
Personal name Campbell, Colin
245 ## - TITLE STATEMENT
Title The end of Whitehall: death of a paradigm?
Statement of responsibility, etc. by Colin Campbell and Graham K. Wilson
260 ## - PUBLICATION, DISTRIBUTION, ETC.
Place of publication, distribution, etc. Oxford
Name of publisher, distributor, etc. Blackwell
Date of publication, distribution, etc. 1995
300 ## - PHYSICAL DESCRIPTION
Extent 342p.
650 ## - SUBJECT ADDED ENTRY--TOPICAL TERM
Topical term or geographic name entry element Great Britain - Politics and government
650 ## - SUBJECT ADDED ENTRY--TOPICAL TERM
Topical term or geographic name entry element Administrative agencies - Great Britain
700 ## - ADDED ENTRY--PERSONAL NAME
Personal name Wilson, Graham K.
Holdings
Withdrawn status Lost status Damaged status Not for loan Permanent Location Current Location Date acquired Full call number Barcode Date last seen Price effective from Koha item type
        Indian Institute of Public Administration Indian Institute of Public Administration 1999-08-30 B3x42 C152 74472 2018-07-21 2018-07-21 Book

Powered by Koha